| 000 | 00403cam a2200169ua 4500 | ||
|---|---|---|---|
| 020 | _cRs.2/- | ||
| 041 |
_amal _h |
||
| 082 |
_a894.81209 _bVAR/MA |
||
| 100 | _aVarier, p.a . | ||
| 245 |
_aMadhuparkam / _cP.A.Varier. _hTextual Documents |
||
| 260 |
_a : _bSathiya pracharaka co-op , _c1958. |
||
| 300 | _a159 ; . | ||
| 365 | _aRs.2/- | ||
| 504 | _a | ||
| 942 | _cBK | ||
| 999 |
_c12009 _d12009 |
||